Die politischen Theorien der Gegenwart: eine Einführung

Saved in:
Bibliographic Details
Main Author: Beyme, Klaus von (Author)
Other Authors: Beyer, Klaus von (Other)
Format: Book/Monograph
Language:German
Published: München [u.a.] Piper 1984
Edition:5., überarb. u. erg. Aufl.
Series:Serie Piper 211
Subjects:
Online Access:Verlag, Inhaltsverzeichnis: http://d-nb.info/800552873/04
Get full text
Author Notes:Klaus von Beyme

MARC

LEADER 00000cam a2200000 c 4500
001 024792322
003 DE-627
005 20260407120203.0
007 tu
008 861112s1984 gw ||||| 00| ||ger c
020 |a 349200511X  |9 3-492-00511-X 
035 |a (DE-627)024792322 
035 |a (DE-603)384979378 
035 |a (DE-576)009391940 
035 |a (DE-599)GBV024792322 
035 |a (OCoLC)233658695 
035 |a (OCoLC)64006776 
035 |a (OCoLC)614495727 
035 |a (DE-604)8021803218 
040 |a DE-627  |b ger  |c DE-627  |e rakwb 
041 |a ger 
044 |c XA-DE 
084 |a 16  |2 sdnb 
084 |a 16  |2 sdnb 
084 |a POL 11  |2 sfb 
084 |a POL 55  |2 sfb 
084 |a MD 1000  |2 rvk  |0 (DE-625)rvk/122490: 
100 1 |a Beyme, Klaus von  |d 1934-2021  |0 (DE-588)117757241  |0 (DE-627)07917289X  |0 (DE-576)160283485  |4 aut 
245 1 4 |a Die politischen Theorien der Gegenwart  |b eine Einführung  |c Klaus von Beyme 
250 |a 5., überarb. u. erg. Aufl. 
264 1 |a München [u.a.]  |b Piper  |c 1984 
300 |a 287 S.  |b 19 cm 
336 |a Text  |b txt  |2 rdacontent 
337 |a ohne Hilfsmittel zu benutzen  |b n  |2 rdamedia 
338 |a Band  |b nc  |2 rdacarrier 
490 0 |a Serie Piper  |v 211 
500 |a Literaturverzeichnis 
583 1 |a Archivierung prüfen  |c 20240324  |f DE-4165  |z 1  |2 pdager 
650 0 7 |0 (DE-588)4046563-9  |0 (DE-627)104383747  |0 (DE-576)209070080  |a Politische Theorie  |2 gnd 
655 7 |a Lehrbuch  |0 (DE-588)4123623-3  |0 (DE-627)104270187  |0 (DE-576)209561262  |2 gnd-content 
655 7 |a Einführung  |0 (DE-588)4151278-9  |0 (DE-627)104450460  |0 (DE-576)209786884  |2 gnd-content 
689 0 0 |d s  |0 (DE-588)4046563-9  |0 (DE-627)104383747  |0 (DE-576)209070080  |a Politische Theorie  |2 gnd 
689 0 |5 (DE-627) 
700 1 |a Beyer, Klaus von  |4 oth 
856 4 2 |u http://d-nb.info/800552873/04  |m B:DE-101  |q pdf/application  |v 20161126003402  |x Verlag  |3 Inhaltsverzeichnis  |7 1 
889 |w (DE-627)1957922362 
935 |i Blocktest 
935 |h HEB  |i 0501 
935 |h HEB  |i 0503 
936 r v |a MD 1000  |b Politische Theorie, Allgemeines und Gesamtdarstellungen  |k Politologie  |k Politische Theorie, Grundbegriffe des Politischen  |k Politische Theorie, Allgemeines und Gesamtdarstellungen  |0 (DE-627)1271425513  |0 (DE-625)rvk/122490:  |0 (DE-576)201425513 
936 s n |a m100  |2 mzub 
951 |a BO 
990 |a Politische Theorie 
992 |a 20140717 
993 |a Book 
994 |a 1984 
998 |g 117757241  |a Beyme, Klaus von  |m 117757241:Beyme, Klaus von  |d 180000  |d 180500  |e 180000PB117757241  |e 180500PB117757241  |k 0/180000/  |k 1/180000/180500/  |p 1  |x j  |y j 
999 |a KXP-PPN024792322  |e 3195768437 
BIB |a Y 
JSO |a {"name":{"displayForm":["Klaus von Beyme"]},"type":{"bibl":"book"},"person":[{"given":"Klaus von","display":"Beyme, Klaus von","role":"aut","family":"Beyme"},{"given":"Klaus von","display":"Beyer, Klaus von","role":"oth","family":"Beyer"}],"language":["ger"],"title":[{"title_sort":"politischen Theorien der Gegenwart","title":"Die politischen Theorien der Gegenwart","subtitle":"eine Einführung"}],"note":["Literaturverzeichnis"],"recId":"024792322","id":{"eki":["024792322"],"isbn":["349200511X"]},"origin":[{"publisher":"Piper","publisherPlace":"München [u.a.]","dateIssuedKey":"1984","editionNo":"5","edition":"5., überarb. u. erg. Aufl.","dateIssuedDisp":"1984"}],"physDesc":[{"extent":"287 S.","noteIll":"19 cm"}]} 
SRT |a BEYMEKLAUSPOLITISCHE1984